000 00293nam a2200133 i 4500
001 bg
245 0 _aStudia nad kodeksem pracy.
250 _aWyd.2 popr. i uzup.
260 _aPoznaƄ,
_c1976.
040 _cBPK
041 _apol
942 _cKS
008 s pl f |000 0 pol
999 _c27474
_d27474
856 _uhttp://koha.tu.koszalin.pl/cgi-bin/koha/opac-detail.pl?biblionumber=27474
_yKatalog online BPK